| 000 | 00460cam a2200145 4500500 | ||
|---|---|---|---|
| 005 | 20260111085409.0 | ||
| 041 | _afre | ||
| 042 | _adc | ||
| 100 | 1 | 0 |
_aPassot, Agnès _eauthor |
| 245 | 0 | 0 | _aNancy Huston, Une adoration . Actes Sud, 2003, 408 pages, 20 € |
| 260 | _c2004. | ||
| 500 | _a15 | ||
| 786 | 0 | _nÉtudes | 400 | 2 | 2004-02-01 | p. V-V | 0014-1941 | |
| 856 | 4 | 1 | _uhttps://shs.cairn.info/revue-etudes-2004-2-page-V?lang=fr&redirect-ssocas=7080 |
| 999 |
_c1618121 _d1618121 |
||